| 000 | 01102nas a2200361 4500 | ||
|---|---|---|---|
| 001 | BR0505154 | ||
| 003 | BR-BrBNA | ||
| 005 | 20231205105711.0 | ||
| 007 | ta | ||
| 008 | 230509b bl.|||p| |||| 00| 00por d | ||
| 040 |
_aBR-BrBNA _bpor _cBiblioteca Nacional de Agricultura |
||
| 041 | _a(Pt) | ||
| 072 | _aF62; F61 | ||
| 100 | 1 | _aLima Júnior, E. de C. | |
| 100 | 1 | _aAlvarenga, A.A. de | |
| 100 | 1 | _aCastro, E.M. de | |
| 100 | 1 | _aVieira, C.V. | |
| 100 | 1 | _aOliveira, H.M. | |
| 245 | 1 | _aTrocas gasosas, características das folhas e crescimento de plantas jovens de Cupania vernalis Camb. submetidas a diferentes níveis de sombreamento | |
| 650 | _aCUPANIA VERNALIS | ||
| 650 | _aCAMBOATÁ | ||
| 650 | _aFOLHA | ||
| 650 | _aMUDA | ||
| 650 | _aNITROGÊNIO | ||
| 650 | _aVIVEIRO | ||
| 650 | _aFOTOSSÍNTESE | ||
| 650 | _aSOMBREAMENTO | ||
| 650 | _aCRESCIMENTO | ||
| 650 | _aABSORÇÃO DE NUTRIENTES | ||
| 773 | 0 |
_tCiência Rural (Brazil) _xISSN 0103-8478 _g(Sep-Oct 2005), v. 35(5) p. 1092-1097 _wBR0505154 |
|
| 909 |
_a202311 _bLúcia _c55 _dLúcia Elande |
||
| 942 |
_2AGRIS _n0 _cANA |
||
| 999 |
_c184231 _d184231 |
||